[Event "Server24Chess 2012"]
[Site "Ortisei ITA"]
[Date "2012.06.05"]
[Round "4"]
[White "Giuriato,S"]
[Black "Simeone,G"]
[Result "1/2-1/2"]
[WhiteElo "1994"]
[BlackElo "1972"]

1.d4 g6 2.c4 Bg7 3.Nf3 d6 4.g3 Nf6 5.Bg2 O-O 6.Nc3 Nbd7 7.O-O c5 8.d5 Ng4
9.h3 Nge5 10.Nxe5 Nxe5 11.Qb3 Qb6 12.f4 Nd7 13.Bd2 Qxb3 14.axb3 Nf6 15.Kh2 Bd7
16.e4 Ne8 17.f5 gxf5 18.exf5 Be5 19.Rae1 Ng7 20.Be4 a6 21.Rf3 b5 22.Kg2 Rfb8
23.Bc1 bxc4 24.bxc4 Rb4 25.Bd3 Bc8 26.g4 a5 27.f6 exf6 28.Ne4 Bxb2 29.Nxf6+ Kh8
30.Nxh7 Ra7 31.Ng5 Kg8 32.Bxb2 Rxb2+ 33.Kg3 a4 34.Ra1 Rb4 35.h4 Re7 36.h5 f6
37.Ne4 f5 38.Nxd6 Bd7 39.Nxf5 Bxf5 40.Bxf5 Nxf5+ 41.Rxf5 Rxc4 42.Raf1 Rc3+
43.Kh4 a3 44.Rf8+ Kg7 45.Ra8 Rd3 46.Rff8 Ree3 47.Rg8+ Kf7 48.Rgf8+ Kg7 49.Rg8+ Kf7
50.Rgf8+  1/2-1/2

[Event "Server24Chess 2012"]
[Site "Ortisei ITA"]
[Date "2012.06.07"]
[Round "6"]
[White "Villa,G"]
[Black "Simeone,G"]
[Result "1/2-1/2"]
[WhiteElo "1936"]
[BlackElo "1972"]

1.d4 g6 2.Nf3 Bg7 3.c4 d6 4.g3 Nf6 5.Bg2 O-O 6.O-O Nc6 7.d5 Ne5 8.Nxe5 dxe5
9.Nc3 Bg4 10.h3 Bd7 11.Qc2 Qc8 12.Kh2 c6 13.Bg5 e6 14.Rac1 exd5 15.cxd5 Nxd5
16.Nxd5 cxd5 17.Qxc8 Raxc8 18.Bxd5 b6 19.Rfd1 Bb5 20.e4 h6 21.Be7 Rfe8 22.Bb4 Bf8
23.Rxc8 Rxc8 24.Bc3 Bc5 25.Kg2 Re8 26.f3 a5 27.Be1 Bd4 28.Rc1 Re7 29.Bf2 Kg7
30.Bxd4 exd4 31.b3 Rd7 32.Kf2 g5 33.Bc4 Rc7 34.Ke2 Kf6 35.Kd2 Bd7 36.f4 b5
37.e5+ Ke7 38.Be2 Rxc1 39.Kxc1 Bxh3 40.Bxb5 gxf4 41.gxf4 f6 42.exf6+ Kxf6
43.Kd2 Bg2 44.Bd7 Be4 45.Bh3 Bf5 46.Bg2 Bb1 47.a3 Kf5 48.b4 axb4 49.axb4 Kxf4
50.b5 Ke5 51.b6 Kd6 52.Bf3 Bf5 53.Ke2 Kd7 54.Kd2 Kc8 55.Ke2 Kb8 56.Kd2  1/2-1/2

[Event "5th Sudety Open 2012"]
[Site "Szklarska Poreba POL"]
[Date "2012.06.07"]
[Round "5"]
[White "Sliwerski,R"]
[Black "Klim,K"]
[Result "1/2-1/2"]
[WhiteElo "2132"]
[BlackElo "2332"]

1.d4 Nf6 2.Nf3 g6 3.g3 Bg7 4.Bg2 O-O 5.c4 d6 6.Nc3 Nc6 7.O-O a6 8.h3 Rb8
9.e4 b5 10.cxb5 axb5 11.Re1 b4 12.Nd5 Nd7 13.Bg5 h6 14.Be3 e6 15.Nf4 Bb7
16.Nh2 Ra8 17.Qd2 Na5 18.Qd1 Nc6 19.Qd2 Na5 20.Qd1 Nc6 21.Qd2 Na5 22.b3 c5
23.Ne2 Kh7 24.Rad1 Bc6 25.e5 Bxg2 26.Kxg2 cxd4 27.Nxd4 Nxe5 28.Qxb4 d5 29.Nhf3 Nxf3
30.Nxf3 Qd7 31.Rc1 Nc6 32.Qb5 Rfc8 33.Rc2 Rab8 34.Qa4 d4 35.Rec1 dxe3 36.Rxc6 Rxc6
37.Qxc6 Qa7 38.Rc2 exf2 39.Rxf2 Qe7 40.Rd2 Rb7 41.Qd6 Qxd6 42.Rxd6 Bf8 43.Rd3 Kg7
44.Ne5 Rb5 45.Nc4 f5 46.a4 Rb7 47.Ne5 Bb4 48.Nc6 Rb6 49.Nxb4 Rxb4 50.a5 Rb5
51.a6 Ra5 52.Rd7+ Kf6 53.a7 e5 54.Kf3 Ra3 55.Rb7 e4+ 56.Ke3 Ke5 57.h4 g5
58.Rb5+ Ke6 59.Rb6+ Ke5 60.Rb5+ Ke6 61.hxg5 hxg5 62.g4 fxg4 63.Rxg5 Rxa7
64.Rxg4 Ra3 65.Rxe4+ Kd5 66.Rb4 Ra1 67.Rc4 Rb1 68.Rc3 Rh1 69.Kd2 Rh2+ 70.Kc1 Rg2
71.b4 Rg4 72.Rb3 Kc4 73.Kb2 Kb5 74.Ka3 Rg5 75.Rf3  1/2-1/2

[Event "TCh-EGY 2011-12"]
[Site "Egypt EGY"]
[Date "2012.06.08"]
[Round "22.6"]
[White "Adly,A"]
[Black "Ezat,M"]
[Result "1-0"]
[WhiteElo "2596"]
[BlackElo "2445"]

1.d4 Nf6 2.Nf3 g6 3.c4 Bg7 4.g3 O-O 5.Bg2 d6 6.O-O Nc6 7.Nc3 a6 8.Re1 Rb8
9.Rb1 Na5 10.Qa4 c5 11.dxc5 dxc5 12.Bf4 Bd7 13.Qc2 Rc8 14.Ne5 Bf5 15.e4 Be6
16.Rbd1 Qe8 17.Nd5 Nh5 18.Bd2 Bxe5 19.Bxa5 b5 20.Bc3 Bxc3 21.Qxc3 Nf6 22.e5 Nd7
23.Qa5 bxc4 24.Qxa6 Qd8 25.Qxc8 Qxc8 26.Nxe7+ Kg7 27.Nxc8 Rxc8 28.Bd5 Bxd5
29.Rxd5 Nb6 30.Rd6 Na4 31.b3 cxb3 32.axb3 Nc3 33.Rd7 Kg8 34.e6 f5 35.Ra1 Nb5
36.Rc1 Kf8 37.Rxh7 Nd4 38.Ra1 Kg8 39.Re7 Nc6 40.Rd7 Nd4 41.Raa7 Nxe6 42.Re7 Nf8
43.Rac7 Rb8 44.Rxc5 Rxb3 45.Rc8 Rb6 46.f4 Rf6 47.Kg2 Rf7 48.Rcc7 Rxe7 49.Rxe7 Nh7
50.Kf3 Nf6 51.h3 Kf8 52.Ra7 Kg8 53.g4 fxg4+ 54.hxg4 Kf8 55.g5 Nh5 56.Ke4 Kg8
57.Ke5 Kh8 58.Ra3 Kg8 59.Rh3 Ng7 60.Rh6 Kf7  1-0

[Event "TCh-EGY 2011-12"]
[Site "Egypt EGY"]
[Date "2012.06.08"]
[Round "22.6"]
[White "Ibrahim,H"]
[Black "Hassan,Say"]
[Result "1/2-1/2"]
[WhiteElo "2388"]
[BlackElo "2346"]

1.d4 Nf6 2.c4 d6 3.Nf3 g6 4.g3 Bg7 5.Bg2 O-O 6.Nc3 c6 7.O-O Qa5 8.e4 Na6
9.a3 Qh5 10.e5 dxe5 11.dxe5 Nd7 12.Re1 Nb6 13.Ne2 Bg4 14.Nf4 Qf5 15.h3 Bxf3
16.Bxf3 Bxe5 17.Bg4 Qf6 18.Qe2 Bd4 19.h4 Nc5 20.Nh3 h5 21.Bf3 e5 22.Bh6 Rfe8
23.Rad1 Qe6 24.Ng5 Qxc4 25.Qxc4 Nxc4 26.b4 Nd7 27.b5 cxb5 28.Bxb7 Rad8 29.Bc6 Ncb6
30.Rd2 Nc4 31.Rd3 Nc5 32.Rxd4 exd4 33.Rxe8+ Rxe8 34.Bxe8 Nd6 35.Bc6 Nf5 36.Nf3 Nxh6
37.Bxb5 Nf5 38.Ne5 Kg7 39.Kf1 Kf6 40.Nf3 Ke6 41.Ke2 Kd6 42.Bc4 d3+ 43.Kd2  1/2-1/2

[Event "11th TCh-BIH Premier"]
[Site "Jahorina BIH"]
[Date "2012.06.08"]
[Round "7.1"]
[White "Trkulja,G"]
[Black "Bejtovic,J"]
[Result "1-0"]
[WhiteElo "2395"]
[BlackElo "2391"]

1.d4 Nf6 2.c4 g6 3.g3 Bg7 4.Bg2 O-O 5.Nf3 d6 6.O-O c5 7.dxc5 dxc5 8.Nc3 Nc6
9.Be3 Be6 10.Ng5 Qxd1 11.Rfxd1 Bxc4 12.Bxc5 h6 13.Nf3 Rfd8 14.Nd4 Nxd4 15.Bxd4 Rd7
16.Rac1 Rad8 17.Bxa7 Rxd1+ 18.Rxd1 Rxd1+ 19.Nxd1 b5 20.Bc5 Nd7 21.Bxe7 Bxe2
22.Nc3 Bc4 23.Bb4 Bd4 24.Bf1 Ne5 25.Nxb5 Nf3+ 26.Kg2 Bd5 27.Nxd4 Nxd4+ 28.f3 Nxf3
29.Kf2 Ne5 30.a4 Ng4+ 31.Kg1 Ne3 32.Be2 f5 33.Bd2 Nc4 34.Bxh6 Nxb2 35.a5 Nc4
36.a6 Nb6 37.Be3 Na8 38.Kf2 Kf7 39.Bf3 Ke6 40.Bxd5+ Kxd5 41.Kf3 Ke5 42.a7 Kf6
43.h4 Ke5 44.Bd2 Nb6 45.Ba5 Na8 46.Bd8 Ke6 47.Kf4 Kd7 48.Ba5 Ke6 49.Kg5 Kf7
50.Kh6 Kf6 51.Bd8+ Kf7 52.Kg5 Kg7 53.h5 gxh5 54.Kxf5 Kf7 55.Kg5 Ke8 56.Ba5 Kd7
57.Kxh5  1-0

[Event "4th Rheinland-Pfalz Open 2012"]
[Site "Altenkirchen GER"]
[Date "2012.06.09"]
[Round "5.10"]
[White "Weiler,D"]
[Black "Sanikidze,T"]
[Result "1/2-1/2"]
[WhiteElo "2155"]
[BlackElo "2616"]

1.d4 Nf6 2.c4 d6 3.Nf3 g6 4.g3 Bg7 5.Bg2 O-O 6.O-O Nc6 7.Nc3 a6 8.Qd3 Bf5
9.e4 Bg4 10.Ne1 e5 11.d5 Nd4 12.f3 Bd7 13.Nc2 c5 14.dxc6 bxc6 15.Nxd4 exd4
16.Qxd4 Nd5 17.Qd3 Nxc3 18.bxc3 Qa5 19.Bf4 Rfd8 20.Rfd1 Be6 21.Bf1 Bxc3 22.Rac1 Be5
23.Be3 Rab8 24.f4 Bg7 25.Bd4 Bxd4+ 26.Qxd4 Qa3 27.Rc2 c5 28.Qc3 Qxc3 29.Rxc3 Kf8
30.Rb3 Rb4 31.Rxb4 cxb4 32.Kf2 a5 33.Ke3 Ke7 34.Kd4 f5 35.Bd3 fxe4 36.Bxe4 Rc8
37.Bd3 Rc5 38.Rb1 Kd7 39.a3 bxa3 40.Ra1 Kc6 41.Rxa3 d5 42.cxd5+ Rxd5+ 43.Ke3 Bf5
44.Be4 Bxe4 45.Kxe4 Rh5 46.g4 Rb5 47.f5 g5 48.Rd3 Rb4+ 49.Rd4 Rb2 50.Rd3 Re2+
51.Re3 Rxh2 52.f6 Rf2 53.Ke5 Kd7 54.Ra3 Ke8 55.Ke6 Re2+ 56.Kf5 Kf7 57.Rxa5 Rf2+
58.Kxg5 h6+ 59.Kxh6 Rxf6+ 60.Kh5 Rb6 61.g5 Kg7 62.Ra7+ Kg8 63.g6 Rb1 64.Kh6  1/2-1/2

[Event "TCh-NOR Clubs 2012"]
[Site "Fagernes NOR"]
[Date "2012.06.09"]
[Round "3"]
[White "Jakobsen,Alf Gjoran"]
[Black "Moseng,Geir"]
[Result "1-0"]
[WhiteElo "1889"]
[BlackElo "2124"]

1.d4 Nf6 2.c4 g6 3.Nf3 Bg7 4.g3 O-O 5.Bg2 d6 6.Nc3 Nc6 7.O-O a6 8.e4 Bg4
9.Be3 Nd7 10.Qd2 Bxf3 11.Bxf3 e5 12.d5 Nd4 13.Bg2 c5 14.f4 Bh6 15.Rf2 Rb8
16.Raf1 Nf6 17.Bh3 Nh5 18.f5 Bxe3 19.Qxe3 Ng7 20.f6 Ne8 21.Qh6 b5 22.cxb5 axb5
23.Nd1 Ra8 24.a3 Ra4 25.Ne3 Nb3 26.Bg2 c4 27.g4 Nd4 28.g5 Qb6 29.Kh1 c3 30.bxc3 Rxa3
31.Nd1 Ra1 32.Ne3 Rxf1+ 33.Bxf1 Nf5 34.Nxf5 Qxf2 35.Ne7+ Kh8 36.Qxf8+  1-0

[Event "11th TCh-BIH Premier"]
[Site "Jahorina BIH"]
[Date "2012.06.09"]
[Round "8.2"]
[White "Jakovljevic,Vlado"]
[Black "Markus,Rob"]
[Result "1/2-1/2"]
[WhiteElo "2399"]
[BlackElo "2628"]

1.Nf3 Nf6 2.c4 g6 3.d4 Bg7 4.g3 d6 5.Bg2 O-O 6.Nc3 c6 7.O-O Qa5 8.h3 e5 9.e4 Nbd7
10.Re1 exd4 11.Nxd4 Ne5 12.Bf1 Re8 13.Be3 Be6 14.Nxe6 Rxe6 15.Kg2 Rb8 16.c5 dxc5
17.f4 Rd8 18.Qc2 Ned7 19.Bf2 Re7 20.e5 Nd5 21.Ne4 f6 22.Nxc5 Nxc5 23.Qxc5 Qxc5
24.Bxc5 Re6 25.exf6 Rxe1 26.Rxe1 Bxf6 27.Bc4 a6 28.Re2 Kg7 29.Kf3 b6 30.Bf2 b5
31.Bxd5 Rxd5 32.Rc2 Rd6 33.b3 Kf7 34.Ke4 Re6+ 35.Kf3 Rd6 36.Be3 h5 37.g4 hxg4+
38.hxg4 Re6 39.f5 gxf5 40.gxf5 Rd6 41.Ke4 Ke8 42.Rd2 Rxd2 43.Bxd2 Kf7 44.Be3 Bd8
45.Bf2 Bc7 46.Bc5 Bh2 47.Be3 Bc7 48.Bf4 Ba5 49.Bb8 Bc3 50.Ba7 Bf6 51.Bd4 Bd8
52.Bc5 Bc7 53.Bd4  1/2-1/2

[Event "Server24Chess 2012"]
[Site "Ortisei ITA"]
[Date "2012.06.09"]
[Round "8"]
[White "Villa,G"]
[Black "Moroder,S"]
[Result "1-0"]
[WhiteElo "1936"]
[BlackElo "2129"]

1.d4 Nf6 2.Nf3 g6 3.c4 Bg7 4.g3 O-O 5.Bg2 d6 6.O-O Nbd7 7.Nc3 e5 8.e4 c6
9.h3 Qb6 10.Re1 a5 11.Rb1 exd4 12.Nxd4 Ne5 13.b3 Bxh3 14.Nxc6 bxc6 15.Bxh3 h5
16.Be3 Qb4 17.Rc1 Nfg4 18.Kg2 Nxc4 19.Bxg4 Bxc3 20.Rxc3 Qxc3 21.Bd4 Qb4 22.bxc4 hxg4
23.Rh1 f6 24.Qxg4 Kg7 25.Qd7+ Rf7 26.Rh7+ Kxh7 27.Qxf7+ Kh6 28.Be3+ g5 29.Qxf6+ Kh7
30.Qf7+ Kh6 31.Bxg5+ Kxg5 32.Qg7+ Kh5 33.g4+ Kh4 34.Qh6+  1-0

[Event "Server24Chess 2012"]
[Site "Ortisei ITA"]
[Date "2012.06.09"]
[Round "8"]
[White "Viviani,A"]
[Black "Waldner,M"]
[Result "1-0"]
[WhiteElo "2094"]
[BlackElo "2068"]

1.d4 Nf6 2.c4 g6 3.Nf3 Bg7 4.g3 O-O 5.Bg2 d6 6.O-O c5 7.Nc3 Nbd7 8.b3 a6
9.Bb2 Rb8 10.dxc5 Nxc5 11.Nd4 Re8 12.h3 Bd7 13.Rc1 Qc7 14.b4 Ne6 15.Nd5 Qd8
16.Nxe6 Bxe6 17.Nxf6+ exf6 18.Qd4 Qd7 19.Kh2 Rbc8 20.Rfd1 Red8 21.a3 Qc7
22.Qa7 Rd7 23.Bd4 Qd8 24.Bd5 Qe7 25.Qb6 h5 26.Qa5 Bxd5 27.Qxd5 Qxe2 28.Be3 Qa2
29.Qd3 b5 30.Rd2  1-0

[Event "5th Mayors Cup 2012"]
[Site "Mumbai IND"]
[Date "2012.06.12"]
[Round "8.11"]
[White "Mithil,A"]
[Black "Barbosa,O PHI"]
[Result "1/2-1/2"]
[WhiteElo "2155"]
[BlackElo "2550"]

1.d4 Nf6 2.c4 g6 3.Nf3 Bg7 4.g3 O-O 5.Bg2 d6 6.O-O c6 7.Nc3 Qa5 8.e4 Bg4
9.h3 Bxf3 10.Bxf3 Nbd7 11.Be3 a6 12.a3 e5 13.b4 Qc7 14.d5 cxd5 15.Nxd5 Nxd5
16.Qxd5 Rfd8 17.h4 Kh8 18.h5 Nf6 19.Qd3 Ng8 20.Kg2 Bh6 21.Bxh6 Nxh6 22.Rac1 Kg7
23.Qe3 Qe7 24.c5 f6 25.hxg6 hxg6 26.c6 bxc6 27.Rxc6 Nf7 28.Rfc1 Qe6 29.Rc7 Rd7
30.Rxd7 Qxd7 31.Qb6 Ra7 32.Bg4 Qe7 33.Rc8 f5  1/2-1/2

[Event "16th Voronezh Master Open"]
[Site "Voronezh RUS"]
[Date "2012.06.12"]
[Round "1.31"]
[White "Mozharov,M"]
[Black "Rjanova,V"]
[Result "1-0"]
[WhiteElo "2493"]
[BlackElo "2223"]

1.d4 Nf6 2.c4 g6 3.g3 Bg7 4.Bg2 O-O 5.Nf3 d6 6.Nc3 Nc6 7.O-O a6 8.b3 Rb8
9.Bb2 b5 10.cxb5 axb5 11.Rc1 Bd7 12.Qc2 Nb4 13.Qd2 Na6 14.e4 b4 15.Nd5 Nxd5
16.exd5 Rb5 17.Ng5 h6 18.Nh3 Bxh3 19.Bxh3 Rxd5 20.Rc6 Nb8 21.Rc4 c5 22.Bg2 Rh5
23.Rd1 Qb6 24.g4 Rh4 25.dxc5 dxc5 26.h3 Bxb2 27.Qxb2 Nc6 28.Rd5 Nd8 29.Rdxc5 Ne6
30.Rc8 h5 31.Rxf8+ Nxf8 32.Qe5 Qd8 33.Qg5 Qd1+ 34.Kh2  1-0

[Event "Teplice Open 2012"]
[Site "Teplice CZE"]
[Date "2012.06.17"]
[Round "2.12"]
[White "Kriebel,T"]
[Black "Grichkevitch,G"]
[Result "1-0"]
[WhiteElo "2390"]
[BlackElo "2100"]

1.d4 Nf6 2.Nf3 g6 3.c4 Bg7 4.g3 O-O 5.Bg2 d6 6.O-O Nbd7 7.Nc3 e5 8.e4 exd4
9.Nxd4 Re8 10.Re1 a6 11.h3 Ne5 12.b3 c5 13.Nc2 Rb8 14.f4 Nc6 15.Bd2 Qc7 16.Rc1 b5
17.Nd5 Nxd5 18.cxd5 Nd4 19.Be3 Nxc2 20.Qxc2 Bd7 21.Kh2 Rbc8 22.Qf2 Qb8 23.f5 gxf5
24.exf5 Re5 25.g4 Bf6 26.Bf4 Rxe1 27.Rxe1 Re8 28.Rxe8+ Bxe8 29.g5 Bd4 30.Qg3 Be5
31.Bxe5 dxe5 32.Be4 b4 33.f6 Qb5 34.Bd3 Qb8 35.Kg2 Bb5 36.Be4 Kh8 37.Qh4 Qg8
38.d6 Bd7 39.Qh6 a5 40.h4 a4 41.h5  1-0

[Event "Teplice Open 2012"]
[Site "Teplice CZE"]
[Date "2012.06.19"]
[Round "4.8"]
[White "Cernousek,L"]
[Black "Schou Moldt,T"]
[Result "1-0"]
[WhiteElo "2440"]
[BlackElo "2210"]

1.d4 Nf6 2.c4 g6 3.g3 Bg7 4.Bg2 d6 5.Nf3 O-O 6.Nc3 Nc6 7.O-O Rb8 8.h3 a6
9.e4 b5 10.cxb5 axb5 11.Re1 b4 12.Nd5 Nd7 13.Bg5 h6 14.Rc1 Bb7 15.Rxc6 hxg5
16.Nxb4 Ba8 17.Rc4 c5 18.dxc5 dxc5 19.Nd3 Qa5 20.Nxg5 Rbd8 21.Nf3 Bc6 22.Rc2 Qxa2
23.Rd2 Qa8 24.Nf4 Nb6 25.Qb3 Rb8 26.Nxg6 Nd5 27.Qc4 fxg6 28.exd5 Bb5 29.Qg4 Rb6
30.d6 Qa5 31.dxe7 Rxf3 32.Rd8+ Kh7 33.Qh4+ Bh6 34.Rh8+ Kxh8 35.Qxh6+ Kg8
36.e8=Q+ Bxe8 37.Rxe8+ Rf8 38.Rxf8+  1-0

[Event "65th ch-RUS HL"]
[Site "Tyumen RUS"]
[Date "2012.06.20"]
[Round "5"]
[White "Matlakov,M"]
[Black "Kabanov,N"]
[Result "1-0"]
[WhiteElo "2668"]
[BlackElo "2496"]

1.d4 Nf6 2.c4 g6 3.Nf3 Bg7 4.g3 O-O 5.Bg2 d6 6.O-O c6 7.Nc3 Qb6 8.Qc2 Qa6
9.Nd2 Be6 10.d5 Bd7 11.e4 e6 12.dxe6 Bxe6 13.b3 Qa5 14.Bb2 Na6 15.a3 Qh5
16.Ne2 Ng4 17.Nf3 Ne5 18.Nfd4 Bd7 19.Rad1 Nc7 20.h4 Ng4 21.Nf3 Bxb2 22.Qxb2 Qc5
23.Rd4 Be6 24.Rfd1 b5 25.Nf4 a5 26.Nd3 Qa7 27.Rxd6 a4 28.b4 bxc4 29.Nc5 c3
30.Qc1 Bb3 31.Nd4 Nb5 32.Rd7 Bxd1 33.Nxb5 Qxd7 34.Nxd7 Rfd8 35.Nxc3 Rxd7
36.Nxd1 Rad8 37.Bf3 Ne5 38.Be2 Rd2 39.Kf1 h5 40.Nc3  1-0

[Event "16th Voronezh Master Open"]
[Site "Voronezh RUS"]
[Date "2012.06.21"]
[Round "9.4"]
[White "Baryshpolets,A"]
[Black "Turov,M"]
[Result "1-0"]
[WhiteElo "2487"]
[BlackElo "2667"]

1.d4 Nf6 2.c4 g6 3.Nf3 Bg7 4.g3 O-O 5.Bg2 d6 6.Nc3 Nc6 7.O-O Bf5 8.d5 Na5
9.Nd2 c5 10.e4 Bd7 11.Qc2 e5 12.b3 Ng4 13.Bb2 f5 14.exf5 gxf5 15.h3 Nf6 16.f4 e4
17.Nd1 Qe8 18.Ne3 Qg6 19.g4 fxg4 20.hxg4 Rae8 21.f5 Qg5 22.Rae1 Qh4 23.Nxe4 Nxe4
24.Bxg7 Kxg7 25.Bxe4 Re5 26.Bf3 h5 27.Ng2 Qg3 28.Qd2 hxg4 29.Qg5+ Kh8 30.Qh6+ Kg8
31.Qg6+  1-0

[Event "5th Karen Asrian Memorial"]
[Site "Jermuk ARM"]
[Date "2012.06.23"]
[Round "8.10"]
[White "Petrosyan,M"]
[Black "Petrosian,DG"]
[Result "0-1"]
[WhiteElo "2291"]
[BlackElo "2460"]

1.d4 Nf6 2.c4 g6 3.Nf3 Bg7 4.g3 O-O 5.Bg2 d6 6.O-O Nc6 7.Nc3 a6 8.d5 Na5
9.Nd2 c5 10.Rb1 Rb8 11.b3 b5 12.Bb2 h5 13.Ba1 Bf5 14.e4 Bg4 15.Qc2 h4 16.h3 Bd7
17.g4 e5 18.dxe6 Bxe6 19.Nd5 Nc6 20.e5 Nxd5 21.cxd5 Nb4 22.Qd1 Nxd5 23.exd6 Bxa1
24.Rxa1 Qxd6 25.Ne4 Qe5 26.Nxc5 Nc3 27.Nd3 Qd4 28.Qf3 Bd5 29.Qe3 Qxe3 30.fxe3 Bxg2
31.Kxg2 Rfe8 32.Rac1 Nd5 33.Kf2 Nxe3 34.Rfe1 Nd5 35.Rxe8+ Rxe8 36.Rc6 Rd8
37.Ke2 Re8+ 38.Kf2 Rd8 39.Ke2 a5 40.Rc5 a4 41.bxa4 bxa4 42.Rc4 g5 43.a3 Kg7
44.Rc5 f6 45.Kf2 Kg6 46.Rc4 Nb6 47.Rc3 Rd4 48.Ke3 Rd6 49.Kf2 Re6 50.Rc5 Rd6
51.Rc3 Rd5 52.Nb4 Rd1 53.Kg2 Nd5 54.Nxd5 Rxd5 55.Kf3 Rb5 56.Re3 Rb3 57.Ke2 Rxe3+
58.Kxe3 f5 59.gxf5+ Kxf5 60.Kf3 Ke5 61.Kg4 Kd4 62.Kxg5 Kc3 63.Kxh4 Kb3  0-1

[Event "HSC/De Legibus Open"]
[Site "Helmond NED"]
[Date "2012.06.30"]
[Round "2.4"]
[White "Castaneda,Geo"]
[Black "Majhi,Ankit"]
[Result "1-0"]
[WhiteElo "2522"]
[BlackElo "1909"]

1.d4 Nf6 2.Nf3 g6 3.c4 Bg7 4.g3 O-O 5.Bg2 d6 6.O-O Nc6 7.d5 Na5 8.Nfd2 c5
9.a3 Nd7 10.Ra2 Ne5 11.Qc2 Qb6 12.b3 Qa6 13.Nc3 Bd7 14.h3 b5 15.f4 bxc4 16.fxe5 Bxe5
17.Nxc4 Nxc4 18.bxc4 Qxc4 19.Ne4 Bb5 20.Bf4 Bd4+ 21.Kh2 Rab8 22.Qd2 Ba4 23.Bh6 Rfc8
24.Qf4 f5 25.Rd2 fxe4 26.Qf7+ Kh8 27.Qxe7 Re8 28.Qxa7 Ra8 29.Qf7 Qc3 30.Rxd4  1-0

[Event "XXI Adolf Anderssen Mem Prelim"]
[Site "Wroclaw POL"]
[Date "2012.06.30"]
[Round "6"]
[White "Grabarczyk,M"]
[Black "Kislov,M"]
[Result "1-0"]
[WhiteElo "2445"]
[BlackElo "2330"]

1.d4 Nf6 2.c4 g6 3.Nf3 Bg7 4.g3 d6 5.Bg2 O-O 6.Nc3 Nbd7 7.O-O e5 8.e4 a5
9.Be3 Re8 10.h3 c6 11.d5 c5 12.Nd2 Nf8 13.a3 Bd7 14.b4 axb4 15.axb4 cxb4
16.Na2 Ba4 17.Qb1 Qa5 18.Qxb4 Qxb4 19.Nxb4 N8d7 20.Ra3 b5 21.Rfa1 Rac8 22.Bf1 Rb8
23.Na6 Rb7 24.cxb5 Bc2 25.f3 Nh5 26.Bf2 Bh6 27.Nc4  1-0

[Event "NIKI Open 2012"]
[Site "Nachod CZE"]
[Date "2012.07.01"]
[Round "2.1"]
[White "Malaniuk,V"]
[Black "Neoral,A"]
[Result "1-0"]
[WhiteElo "2519"]
[BlackElo "2163"]

1.d4 Nf6 2.Nf3 g6 3.c4 Bg7 4.g3 O-O 5.Bg2 d6 6.O-O Nc6 7.Nc3 a6 8.h3 Rb8
9.e4 e5 10.d5 Ne7 11.b4 Bd7 12.c5 Ne8 13.a4 f5 14.Re1 h6 15.Ba3 f4 16.Rb1 g5
17.Nd2 Ng6 18.g4 f3 19.Nxf3 Nf4 20.Nh2 Qf6 21.f3 Rf7 22.Ne2 Bf8 23.Nxf4 gxf4
24.Qc2 Be7 25.c6 bxc6 26.dxc6 Be6 27.b5 axb5 28.Rxb5 Rxb5 29.axb5 Bd8 30.Bb4 Rf8
31.Ra1 Qf7 32.Ra7 Bb3 33.Qc3 Qc4 34.Qxc4+ Bxc4 35.Bf1 Be6 36.Bd3  1-0

[Event "NIKI Open 2012"]
[Site "Nachod CZE"]
[Date "2012.07.01"]
[Round "2.6"]
[White "Strebkovs,A"]
[Black "Hastik,S"]
[Result "1/2-1/2"]
[WhiteElo "2354"]
[BlackElo "2034"]

1.d4 g6 2.c4 Bg7 3.g3 d6 4.Bg2 Nf6 5.Nf3 O-O 6.O-O c6 7.Nc3 Qa5 8.h3 Nbd7
9.e4 e5 10.Re1 exd4 11.Nxd4 Ne5 12.Bf1 Qb6 13.Nb3 Be6 14.Be3 Qc7 15.Nd2 Rad8
16.Rc1 Qb8 17.f4 Ned7 18.g4 Nb6 19.f5 Bc8 20.Nf3 Nfd7 21.Qd2 Ne5 22.Nxe5 Bxe5
23.Bh6 Rfe8 24.b3 Qc7 25.Bg2 Qe7 26.Rf1 f6 27.g5 fxg5 28.Bxg5 Bf6 29.h4 Rf8
30.fxg6 hxg6 31.Rcd1 Bg4 32.Rxf6 Rxf6 33.e5 Qxe5 34.Ne4 Rff8 35.Bxd8 Rxd8
36.Re1 Bf5 37.Ng5 Qf6 38.Qf4 Rf8 39.Rd1 Nc8 40.Nf3 Bc2 41.Qxf6 Rxf6 42.Re1 Bf5
43.Nd4 Bd7 44.Kh2 Kf7 45.Kg3 Ne7 46.b4 Nf5+ 47.Nxf5 Bxf5 48.b5 Bd7 49.Rb1 Re6
50.Kf2 Re5 51.a4 Rc5 52.Bf1 Kf6 53.bxc6 Bxc6 54.Bd3 Bxa4 55.Rxb7 a5 56.Ra7 Be8
57.Ra6 Ke5 58.Ke3 Bf7 59.Ra7 Kf6 60.Rd7 Ke6 61.Ra7 Rh5 62.Be4 Be8 63.Ra8 Bd7
64.Bxg6 Rxh4 65.Rxa5 Kf6  1/2-1/2

[Event "Mulhouse IM 2012"]
[Site "Mulhouse FRA"]
[Date "2012.07.03"]
[Round "2.2"]
[White "Riff,V"]
[Black "Wyss,J"]
[Result "1/2-1/2"]
[WhiteElo "2316"]
[BlackElo "2241"]

1.d4 Nf6 2.Nf3 g6 3.c4 Bg7 4.g3 O-O 5.Bg2 d6 6.O-O Nbd7 7.Nc3 e5 8.dxe5 dxe5
9.Qc2 c6 10.Rd1 Qe7 11.a4 Nc5 12.b4 Bf5 13.Qb2 Na6 14.c5 Rad8 15.Bg5 h6 16.Bxf6 Bxf6
17.e4  1/2-1/2

[Event "14th Torredembarra Open"]
[Site "Torredembarra ESP"]
[Date "2012.07.03"]
[Round "4.1"]
[White "Obregon Rivero,J"]
[Black "Plasencia Martinez,V"]
[Result "1-0"]
[WhiteElo "2479"]
[BlackElo "2167"]

1.d4 g6 2.Nf3 Nf6 3.c4 Bg7 4.g3 O-O 5.Bg2 d6 6.O-O Nbd7 7.Nc3 e5 8.e3 c6
9.a4 Re8 10.a5 e4 11.Nd2 d5 12.f3 exf3 13.Qxf3 Qe7 14.cxd5 Nxd5 15.Nc4 Nxc3
16.bxc3 f5 17.a6 Nf6 18.Ba3 Qc7 19.Nd6 Re6 20.Rfb1 Rb8 21.axb7 Bxb7 22.Qe2 Kh8
23.Qa2 Nd5 24.Nxb7 Rxb7 25.Bxd5 cxd5 26.Qxd5 Reb6 27.Rxb6 Rxb6 28.Bc5 Rb7
29.Qe6 Qb8 30.Bb4 Rb6 31.Qd7 Rb7 32.Qc6 Rb6 33.Qf3 h5 34.Kg2 Re6 35.d5 Re4
36.Ra6 Kh7 37.Re6 Rxe6 38.dxe6 Qe5 39.e7 Kg8 40.Qa8+ Kf7 41.Qf8+  1-0

[Event "35th Barbera Open A"]
[Site "Barbera del Valles ESP"]
[Date "2012.07.04"]
[Round "1.25"]
[White "Iagar,R"]
[Black "Bergez,L"]
[Result "1/2-1/2"]
[WhiteElo "2154"]
[BlackElo "2420"]

1.d4 Nf6 2.c4 g6 3.Nf3 Bg7 4.g3 O-O 5.Bg2 d6 6.O-O c5 7.dxc5 dxc5 8.Nc3 Nc6
9.Be3 Qa5 10.Qa4 Nd7 11.Qxa5 Nxa5 12.Nd2 Bxc3 13.bxc3 Rb8 14.Nb3 Nxc4 15.Bxc5 Nxc5
16.Nxc5 b6 17.Nd3 Bg4 18.Bd5 Na5 19.f3 Bd7 20.Ne5 Ba4 21.Bb3 Bb5 22.Kf2 Rbc8
23.Rac1 Rc5 24.f4 Kg7 25.c4 Be8 26.Nd3 Rh5 27.h4 Nb7 28.Rfd1 Ra5 29.c5 bxc5
30.Bd5 Rb5 31.Bxb7 Rxb7 32.Rxc5 Bb5 33.Rb1 Rfb8 34.Rc3 Be8 35.Rbc1 Bb5 36.Rb1 Rb6
37.Ra3 R8b7 38.Rb2 Bc4 39.Rc2 Bxd3 40.Rxd3 Ra6 41.Rb3 Rd7 42.Kf3 Ra4 43.Rb5 Ra3+
44.Rb3 Ra4 45.Rb5 Kf6 46.Rb8 h5 47.Rb5 Rd6 48.Rb7 Re6 49.Rd2 Rd6 50.Rc2 Ra3+
51.Rb3 Rda6 52.Rc6+ e6 53.Rxa6 Rxa6 54.a3 e5 55.Rc3 Ke6 56.e4 Rb6 57.fxe5 Kxe5
58.Rc5+ Kd4 59.Rd5+ Kc4 60.Ra5 a6 61.Ke3 Kc3 62.e5 Kc2 63.Kf4 Kd3 64.Rd5+ Kc4
65.Rd6 Rb1 66.Rxa6 Rf1+ 67.Ke4 Re1+ 68.Kf4 Rf1+ 69.Kg5 Rf5+ 70.Kh6 Rxe5 71.Rf6 Re3
72.Rxf7 Rxg3 73.Rg7 Rg4 74.Rxg6 Rxh4 75.Rg5  1/2-1/2

[Event "40th TCh-GRE 2012"]
[Site "Achaea GRE"]
[Date "2012.07.05"]
[Round "7.9"]
[White "Rapport,R"]
[Black "Dochev,D"]
[Result "1/2-1/2"]
[WhiteElo "2577"]
[BlackElo "2404"]

1.Nf3 Nf6 2.c4 d6 3.d4 g6 4.g3 Bg7 5.Bg2 O-O 6.O-O Nc6 7.Nc3 a6 8.e3 Rb8
9.Qe2 b5 10.Rd1 Re8 11.e4 b4 12.Nd5 Bg4 13.e5 dxe5 14.dxe5 Nxd5 15.Rxd5 Qc8
16.Bf4 e6 17.Rd2 g5 18.Bxg5 Nxe5 19.Re1 b3 20.a3 h6 21.Bf4 Nxf3+ 22.Bxf3 Bxf3
23.Qxf3 e5 24.Be3 Qe6 25.Rc1 Red8 26.Rcd1 Rxd2 27.Rxd2 e4  1/2-1/2

[Event "11th ROC Nova Open"]
[Site "Haarlem NED"]
[Date "2012.07.06"]
[Round "1.1"]
[White "L'Ami,E"]
[Black "Bakker,Guido"]
[Result "1-0"]
[WhiteElo "2615"]
[BlackElo "2089"]

1.d4 Nf6 2.c4 g6 3.Nf3 Bg7 4.g3 O-O 5.Bg2 d6 6.O-O Nbd7 7.Nc3 e5 8.e4 c6
9.h3 Qc7 10.Be3 Re8 11.d5 Rf8 12.Ne1 Ne8 13.Nd3 f5 14.exf5 gxf5 15.f4 e4
16.Nf2 Nef6 17.Rc1 Nb6 18.Qb3 Re8 19.Rfd1 Bd7 20.a4 cxd5 21.cxd5 Qc4 22.Qa3 Bxa4
23.Bf1 Qb3 24.Nxa4 Qxa4 25.Qxd6 Rad8 26.Qc5 Nfd7 27.Qc2 Qb4 28.Rd2 Rc8 29.Qd1 Na4
30.Rxc8 Rxc8 31.Rc2 Rd8 32.Rc4  1-0

[Event "46th Ilmar Raua Memorial"]
[Site "Vaksali EST"]
[Date "2012.07.07"]
[Round "4"]
[White "Kanep,M"]
[Black "Vorobjov,P"]
[Result "1/2-1/2"]
[WhiteElo "2521"]
[BlackElo "2156"]

1.d4 Nf6 2.Nf3 g6 3.c4 Bg7 4.g3 O-O 5.Bg2 d6 6.O-O Nbd7 7.Nc3 e5 8.e4 c6
9.b3 Re8 10.d5 Nc5 11.Ne1 cxd5 12.cxd5 Qb6 13.Nc2 Bg4 14.Qd2 Bd7 15.Ne3 Qa6
16.Rd1 Nxb3 17.Bf1 Qxf1+ 18.Kxf1 Nxd2+ 19.Bxd2 Bh6 20.Ke2 Rec8 21.f3 b5 22.Rab1 Rab8
23.a3 Ne8 24.Rb2 a6 25.Na2 f5 26.exf5 Bxe3 27.Bxe3 gxf5 28.Nb4 a5 29.Nd3 Nf6
30.Bd2 Ra8 31.Be1 Kf7 32.Nc1 Rc7 33.Nb3 Rca7 34.f4 a4 35.fxe5 Re8 36.e6+ Bxe6
37.dxe6+ Rxe6+ 38.Kf1 axb3 39.Rxb3 Ng4 40.Bf2 Nxf2  1/2-1/2

[Event "Werner-Ott-Open 2012"]
[Site "Berlin GER"]
[Date "2012.07.08"]
[Round "2.11"]
[White "Bjarnehag,P"]
[Black "Heerde,Thomas"]
[Result "1-0"]
[WhiteElo "2177"]
[BlackElo "1886"]

1.Nf3 Nf6 2.c4 g6 3.d4 Bg7 4.g3 O-O 5.Bg2 d6 6.Nc3 Nc6 7.O-O a6 8.h3 e5 9.d5 Ne7
10.Ne1 Ne8 11.Nd3 f5 12.e4 Nf6 13.f3 Nh5 14.Ne2 Kh8 15.Bd2 Bd7 16.a4 c6 17.g4 Nf6
18.Be3 Be8 19.Qb3 b5 20.axb5 axb5 21.Rxa8 Qxa8 22.c5 cxd5 23.cxd6 Nc8 24.exf5 gxf5
25.Nxe5 Nd7 26.Nxd7 Bxd7 27.Bd4 Bxd4+ 28.Nxd4 Nxd6 29.Qc3 Kg8 30.Qc7 fxg4
31.hxg4 Rd8 32.Qxd6 Bxg4 33.Qe5 Bd7 34.f4 Bg4 35.Nf5 Qa7+ 36.Kh2 Bh5 37.Nh6+ Kf8
38.Qf6+ Ke8 39.Re1+ Kd7 40.Re7+  1-0